000 00511nam a2200169Ia 4500
008 090711s9999 xx 000 0 und d
082 _b58595
100 _aमाडगूळकर गजानन दि.
245 _aगीतगोपाळ
260 _c1967
300 _a70
600 _aमाडगूळकर गजानन दि.
630 _aगीतगोपाळ
700 _aमाडगूळकर गजानन दि.
730 _aगीतगोपाळ
942 _cBOOK
999 _c291250
_d291250